Clarence H. White.

Bibliographic Details
Main Author: White, Clarence H., 1871-1925
Format: Book
Language:English
Published: Millerton, N.Y. : Aperture, [1979]
Series:Aperture history of photography series ; 11.
Subjects:

MARC

Tag First Indicator Second Indicator Subfields
LEADER 00000cam a2200000 i 4500
001 in00000035580
005 20151007062040.0
008 790907s1979 nyua b 00010beng
010 |a  77080019  
020 |a 0893810193 :  |c $7.95 
035 |a (OCoLC)05122121 
035 |9 AAD3829AM 
040 |a DLC  |c DLC  |d TXA  |d UtOrBLW 
043 |a n-us--- 
049 |a TXAM  |c [1160428] 
050 0 0 |a TR653  |b .W5 1979 
082 0 |a 770/.92/4  |a B 
100 1 |a White, Clarence H.,  |d 1871-1925. 
245 1 0 |a Clarence H. White. 
264 1 |a Millerton, N.Y. :  |b Aperture,  |c [1979] 
264 4 |c ©1979 
300 |a 95 pages :  |b illustrations ;  |c 22 cm. 
336 |a text  |b txt  |2 rdacontent 
337 |a unmediated  |b n  |2 rdamedia 
338 |a volume  |b nc  |2 rdacarrier 
490 1 |a The Aperture history of photography series ;  |v 11 
504 |a Bibliography: pages 93-95. 
600 1 0 |a White, Clarence H.,  |d 1871-1925. 
650 0 |a Photography, Artistic. 
650 0 |a Photographers  |z United States  |v Biography. 
830 0 |a Aperture history of photography series ;  |v 11. 
999 |a MARS 
999 f f |s e9e0b638-22f1-352f-9bf5-b327dfad6030  |i 3f138f69-cbd0-33c2-9e50-e8008bddc043  |t 0 
952 f f |p ric  |a Texas A&M University  |b Rellis Campus  |c Joint Library Facility  |d Remote Storage  |t 0  |e TR653 .W5 1979  |h Library of Congress classification  |i unmediated -- volume  |m A14805628868 
998 f f |a TR653 .W5 1979  |t 0  |l Remote Storage